Search the Library Catalogue
| 000 -LEADER | |
|---|---|
| fixed length control field | 01047nam a2200157Ia 4500 |
| 008 - FIXED-LENGTH DATA ELEMENTS--GENERAL INFORMATION | |
| fixed length control field | 260302s9999 xx 000 0 und d |
| 020 ## - INTERNATIONAL STANDARD BOOK NUMBER | |
| ISBN | 9780521109062 |
| 082 ## - DEWEY DECIMAL CLASSIFICATION NUMBER | |
| Classification number | 338.9 |
| Item number | LEO |
| 100 ## - MAIN ENTRY--AUTHOR NAME | |
| Personal name | Leontief, W. |
| 245 #0 - TITLE STATEMENT | |
| Title | Structure, System and Economic Policy / |
| Statement of responsibility, etc | Leontief, W. |
| 260 ## - PUBLICATION, DISTRIBUTION, ETC. (IMPRINT) | |
| Name of publisher | Cambridge University Press, |
| Year of publication | 2009 |
| 520 ## - SUMMARY, ETC. | |
| Summary, etc | This is a volume of papers organized by Professor Leontief for the 1976 meeting of the Economics section of the British Association for the Advancement of Science. After a paper by Professor Leontief applying input-output to the future of the world economy, other papers consider prices, regional problems, material supplies, urban problems, technical progress, unemployment and energy policy. There are two papers with a broader view of the British economy, one surveying government policy on the industrial structure of the economy and one considering the use of input-output for monitoring the development of the economy. |
| 650 ## - SUBJECT ADDED ENTRY--TOPICAL TERM | |
| Topical Term | Business & Economics |
| 942 ## - ADDED ENTRY ELEMENTS (KOHA) | |
| Koha item type | English Books |
| Withdrawn status | Lost status | Damaged status | Not for loan | Home library | Current library | Shelving location | Date acquired | Full call number | Accession Number | Price effective from | Koha item type |
|---|---|---|---|---|---|---|---|---|---|---|---|
| Anna Centenary Library | Anna Centenary Library | 4TH FLOOR, A WING | 02.03.2026 | 338.9 LEO | 197658 | 02.03.2026 | English Books |